000 00326nam a2200133Ia 4500
008 211112s9999 xx 000 0 und d
020 _a8174505504
082 _bSUH-I
100 _aSUHAS PALSHIKAR
245 0 _aINDIAN CONSTITUTION AT WORK
260 _aDONATED BY V.C. SIR
_bN.C.E.R.T.
_c2014
300 _a242
942 _cDB
999 _c33515
_d33515